| 000 | 00549nam a2200205Ia 4500 | ||
|---|---|---|---|
| 001 | 1501 | ||
| 003 | GE_BSU | ||
| 008 | 181216s||||||||xx |||||||||||||| ||und|| | ||
| 040 | _cGE_BSU | ||
| 080 | _a630(031) | ||
| 245 | _aЛесная энциклопедия. т. 2. | ||
| 245 | _bЛимонник-Ящерицы. | ||
| 260 | _aМосква | ||
| 260 | _bСоветская энциклопедия | ||
| 260 | _c1986 | ||
| 300 | _a631 с. ил. 23 см. | ||
| 541 | _h25 л. | ||
| 653 | _aЛесная энциклопедия. | ||
| 942 | _cBK | ||
| 999 |
_c35631 _d35631 |
||